| 000 | 00529cam a2200181 a 4500 | ||
|---|---|---|---|
| 020 | _a0471190241 (cloth : alk. paper) | ||
| 040 | _cDLC | ||
| 082 | 0 | 0 | _a664 JOH 1999 C164 Or. |
| 100 | 1 | _aBraddock, Robert J. | |
| 245 | 1 | 0 | _aHandbook of citrus by-products processing technology / |
| 260 |
_aNew York : _bJohn Wiley, _cc1999 |
||
| 300 |
_ax, 247 p. : _bill. ; _c25 cm |
||
| 500 | _a"A Wiley-interscience publication." | ||
| 650 | 0 | _aCitrus fruit industry | |
| 650 | 0 | _aCitrus products | |
| 650 | 0 | _aCitrus juices | |
| 942 | _cEK | ||
| 999 |
_c19213 _d19213 |
||